Language Names- Part 5 - Statistics

General Stats
  • This quiz has been taken 17 times
  • The average score is 7 of 12
Answer Stats
Native English % Correct
Hrvatski Croatian
88%
Magyar Hungarian
88%
廣東話 Cantonese
82%
Slovenčina Slovak
82%
Українська Ukrainian
82%
Føroyskt Faroese
71%
Shqip Albanian
65%
Հայերեն Armenian
65%
български език Bulgarian
65%
ދިވެހި Dhivehi
18%
Ebon, Kajin M̧ajeļ, Kajin Majõl Marshallese
18%
Gaelg Manx
12%
No matching quizzes found
Score Distribution
Percent of People with Each Score
Percentile by Number Answered
Your Score History
You have not taken this quiz